八字. 精解. 万年历 (Record no. 9274)

000 -LEADER
fixed length control field 00424nam a22001697a 4500
003 - CONTROL NUMBER IDENTIFIER
control field MPLRDC
005 - DATE AND TIME OF LATEST TRANSACTION
control field 20220104114651.0
008 - FIXED-LENGTH DATA ELEMENTS--GENERAL INFORMATION
fixed length control field 210129b ||||| |||| 00| 0 eng d
082 ## - DEWEY DECIMAL CLASSIFICATION NUMBER
Classification number 327.49 XSP
100 ## - MAIN ENTRY--PERSONAL NAME
Personal name 许绍鹏
245 ## - TITLE STATEMENT
Title 八字. 精解. 万年历
Statement of responsibility, etc.
260 ## - PUBLICATION, DISTRIBUTION, ETC.
Place of publication, distribution, etc.
Name of publisher, distributor, etc. 大台北出版社
Date of publication, distribution, etc. 1985
300 ## - PHYSICAL DESCRIPTION
Other physical details
490 ## - SERIES STATEMENT
Series statement 算命丛书. 无师自通
650 ## - SUBJECT ADDED ENTRY--TOPICAL TERM
Topical term or geographic name entry element 历书--万年历
942 ## - ADDED ENTRY ELEMENTS (KOHA)
Koha item type Book
-- 327.49 XSP
Holdings
Withdrawn status Lost status Source of classification or shelving scheme Damaged status Not for loan Collection code Home library Current library Shelving location Date acquired Cost, normal purchase price Total Checkouts Full call number Barcode Date last seen Date last checked out Price effective from Koha item type Public note
            Malaysian Public Library, Research and Development Centre Malaysian Public Library, Research and Development Centre   10/12/2007 57.00   327.49 XSP 00009272 17/03/2021 19/10/2013 17/03/2021 Book mplrdc

© 2022. Malaysian Public Library, Research and Development Centre. All Right ReservedE-mailmplrdc@help.edu.my 

Powered by Koha